000 00531nam a2200181Ia 4500
005 20250508152816.0
008 008 250505s9999 xx 000 0 hin d
037 _aTextual
040 _aFEDL
_beng
_cFEDL
041 _ahin
_2eng
084 _a891.431, SIN
_qFEDL
100 _aSinghal Madan Gopal Ed.
_9762444
245 0 _aPhool-patti: Meerut ke kavi aur unka kavya
260 _aMeerut, India
_bShri Madan Gopal Singhal
_c1954
300 _a100p
942 _cTEXL
_h891.431, SIN
999 _c1338887
_d1338887